LEADER 01128nam0-22002891i-450- 001 990006122120403321 005 19980601 035 $a000612212 035 $aFED01000612212 035 $a(Aleph)000612212FED01 035 $a000612212 100 $a19980601d1916----km-y0itay50------ba 105 $a--------00-yy 200 1 $aSull'impugnabilita' dei provvedmenti di sequestro delle temporabilita' beneficiarie e di revoca dell'"exequatur" o del "placet" avanti V Sessione del Consiglio di Stato$fGaspare Ambrosini. 210 $aMilano$cSoc. ed. Libraria$d1916 215 $a18 p.$d24 cm 463 $d$1200$a"Rivista di Diritto Pubblico. Fasc. Novembre-Dicembre, Parte II, 1916" 676 $a342 700 1$aAmbrosini,$bGaspare$f<1886-1985>$03005 801 0$aIT$bUNINA$gRICA$2UNIMARC 901 $aBK 912 $a990006122120403321 952 $aBUSTA 8 (4) 19$b314$fFGBC 959 $aFGBC 996 $aSull'impugnabilita' dei provvedmenti di sequestro delle temporabilita' beneficiarie e di revoca dell'"exequatur" o del "placet" avanti V Sessione del Consiglio di Stato$9644249 997 $aUNINA DB $aGIU01